000
00214 a2200097 4500
001
2368
100
_a
Sears,WR
245
_a
General Theory of High speed Aerodynamics
260
_a
_b
Oxford
_c
090
_c
1721
_d
1721
942
_a
NUST-CAE
_c
M
_c
8014
999
_c
237441
_d
237441